[Event "2nd Science Park Open A"]
[Site "Amsterdam NED"]
[Date "2012.07.15"]
[Round "2"]
[White "Kuling, Lody"]
[Black "Lee, Kai Jie Edward"]
[Result "1/2-1/2"]
[WhiteElo "2244"]
[BlackElo "2126"]
[WhiteFideId "1019686"]
[BlackFideId "5802920"]
[EventDate "2012.07.14"]

1. e4 e5 2. Nf3 Nf6 3. Nxe5 d6 4. Nc4 Nxe4 5. Nc3 Nxc3 6. bxc3 d5 7. Ne3 c6 8.
d4 Nd7 9. Bd3 Nf6 10. O-O Be7 11. Re1 O-O 12. Nf5 Bxf5 13. Bxf5 Ne8 14. Bd3 Nd6
15. Ba3 Re8 16. Rb1 Qd7 17. Bxd6 Bxd6 18. Qd2 b5 19. Qg5 Qc7 20. Qh4 g6 21. g3
Kg7 22. Qg4 Re7 23. Rxe7 Qxe7 24. Qe2 Qxe2 25. Bxe2 a6 26. Bf3 Rc8 27. Kf1 f5
28. Ke2 Kf6 29. Kd2 Bf8 30. Re1 a5 31. Kd3 a4 32. Bg2 a3 33. h4 h5 34. f4 Ra8
35. Bf3 Bd6 36. Bg2 Kf7 37. Rb1 Ra4 38. Bf1 Kf6 1/2-1/2

[Event "2nd Science Park Open A"]
[Site "Amsterdam NED"]
[Date "2012.07.15"]
[Round "2"]
[White "Van Dorp, Folke"]
[Black "Van Lommel, Patrick"]
[Result "1/2-1/2"]
[BlackTitle "CM"]
[WhiteElo "2183"]
[BlackElo "2120"]
[WhiteFideId "1023209"]
[BlackFideId "1008269"]
[EventDate "2012.07.14"]

1. d4 Nf6 2. c4 g6 3. Nc3 Bg7 4. e4 d6 5. h3 O-O 6. Be3 Na6 7. Bd3 e5 8. d5 Nc5
9. Bc2 a5 10. Nge2 c6 11. a3 cxd5 12. cxd5 Nh5 13. O-O f5 14. exf5 gxf5 15. Ng3
Nf4 16. Nh5 Nxh5 17. Qxh5 Bd7 18. Rac1 Rc8 19. Rfd1 Be8 1/2-1/2

[Event "2nd Science Park Open A"]
[Site "Amsterdam NED"]
[Date "2012.07.15"]
[Round "2"]
[White "Schoehuijs, Erik"]
[Black "Vogel, Jaap"]
[Result "1/2-1/2"]
[BlackTitle "FM"]
[WhiteElo "2120"]
[BlackElo "2179"]
[WhiteFideId "1004425"]
[BlackFideId "1000764"]
[EventDate "2012.07.14"]

1. d4 e6 2. c4 f5 3. g3 Nf6 4. Bg2 c6 5. Nh3 d5 6. Nd2 Bd6 7. O-O O-O 8. Qc2 Bd7
9. c5 Bc7 10. Nf3 b6 11. b4 a5 12. cxb6 Bxb6 13. bxa5 Rxa5 14. Bd2 Ra8 15. Nf4
Na6 16. Nd3 Ne4 17. Bc3 Qc7 18. Nfe5 Rfc8 19. Nxd7 Qxd7 20. Rab1 Qa7 21. Qb2
Rab8 1/2-1/2

[Event "2nd Science Park Open A"]
[Site "Amsterdam NED"]
[Date "2012.07.15"]
[Round "2"]
[White "Galje, Hans"]
[Black "Brookes, Christopher"]
[Result "1/2-1/2"]
[WhiteElo "2108"]
[BlackElo "2171"]
[WhiteFideId "1003240"]
[BlackFideId "4669355"]
[EventDate "2012.07.14"]

1. d4 Nf6 2. c4 g6 3. Nc3 d5 4. cxd5 Nxd5 5. Bd2 Bg7 6. e4 Nxc3 7. Bxc3 O-O 8.
Nf3 Bg4 9. Be2 c5 10. d5 Bxf3 11. Bxf3 Qd6 12. Qd2 Nd7 13. Bxg7 Kxg7 14. Rc1 f5
15. O-O b6 16. Rfe1 Ne5 17. Qc3 f4 18. Bg4 Rf6 19. f3 h5 20. Be6 Kh6 21. h4 g5
22. hxg5+ Kxg5 23. Re2 Rd8 24. a3 a5 25. Rb1 Rg6 26. b4 axb4 27. axb4 c4 28. Ra2
Kh6 29. Ra6 Qc7 30. Rba1 h4 31. Ra8 Rxa8 32. Rxa8 Rg3 33. Kh1 b5 34. Rh8+ Kg5
35. Rf8 Kh6 36. Rh8+ Kg5 37. Rf8 Kh6 1/2-1/2

[Event "2nd Science Park Open A"]
[Site "Amsterdam NED"]
[Date "2012.07.15"]
[Round "2"]
[White "Mellema, Andries"]
[Black "Dehmel, Jens"]
[Result "1-0"]
[WhiteElo "2167"]
[BlackElo "2094"]
[WhiteFideId "1011464"]
[BlackFideId "4676548"]
[EventDate "2012.07.14"]

1. e4 e5 2. Bc4 Nc6 3. Nf3 Bc5 4. O-O d6 5. h3 Nf6 6. Re1 O-O 7. c3 Bb6 8. d4
Re8 9. Bg5 h6 10. Bh4 g5 11. dxe5 dxe5 12. Qxd8 Rxd8 13. Bg3 Re8 14. Bd5 Nd7 15.
Nbd2 Kg7 16. Nc4 f6 17. b4 Ne7 18. a4 c6 19. Nd6 Rd8 20. Be6 Rb8 21. Rad1 Nf8
22. Bxc8 Nxc8 23. Nf5+ Kg6 24. Nxe5+ fxe5 25. Bxe5 Nd7 26. Rxd7 Rxd7 27. Bxb8
Rd2 28. Bg3 a5 29. Rb1 Ra2 30. bxa5 Bxa5 31. Rxb7 Bxc3 32. Rc7 1-0

[Event "2nd Science Park Open A"]
[Site "Amsterdam NED"]
[Date "2012.07.15"]
[Round "2"]
[White "Hendriks, Theo"]
[Black "Diaz Herrero, Alvaro"]
[Result "0-1"]
[WhiteElo "2067"]
[BlackElo "2137"]
[WhiteFideId "1015915"]
[BlackFideId "22201572"]
[EventDate "2012.07.14"]

1. e4 c5 2. Nf3 d6 3. d4 Nf6 4. Nc3 cxd4 5. Nxd4 g6 6. Be2 Bg7 7. O-O Nc6 8. Be3
O-O 9. Nb3 Be6 10. f4 Qc8 11. Kh1 Rd8 12. Bf3 a5 13. Nd5 Nd7 14. c3 a4 15. Nd4
Bxd5 16. exd5 Nxd4 17. Bxd4 Bxd4 18. Qxd4 Qc5 19. Qe4 Re8 20. Qd3 Rac8 21. Be2
a3 22. bxa3 Qxc3 23. Qb5 Nc5 24. a4 Ra8 25. Rac1 Qd4 26. f5 Rec8 27. fxg6 hxg6
28. Rc4 Qd2 29. Rcf4 Rf8 30. Rg4 Rxa4 31. Rxa4 Nxa4 32. Bd3 Nc5 33. Bb1 Qxd5 34.
Qe2 Qe5 35. Qf3 f5 36. a3 d5 37. g4 Ne4 38. Qb3 Nd2 0-1

[Event "2nd Science Park Open A"]
[Site "Amsterdam NED"]
[Date "2012.07.17"]
[Round "3.1"]
[White "Greenfeld, Alon"]
[Black "Lammens, Tim"]
[Result "1/2-1/2"]
[WhiteTitle "GM"]
[BlackTitle "FM"]
[WhiteElo "2556"]
[BlackElo "2291"]
[WhiteFideId "2800039"]
[BlackFideId "1008803"]
[EventDate "2012.07.14"]

1. d4 d6 2. Nf3 g6 3. g3 Bg7 4. Bg2 Nd7 5. O-O e5 6. c4 Ne7 7. Nc3 O-O 8. b3
exd4 9. Nb5 d3 10. Bg5 Bxa1 11. Qxa1 dxe2 12. Re1 f6 13. Bh6 Re8 14. Rxe2 Ne5
15. Nxe5 fxe5 16. f4 c6 17. Nxd6 Qxd6 18. Rxe5 Qf6 19. Qe1 Kf7 20. c5 Nf5 21.
Rxe8 Nxh6 22. Bf1 Qd4+ 23. Kh1 Qd5+ 24. Bg2 Qxc5 25. Rh8 Nf5 26. Qe8+ Kg7 27.
Rg8+ Kf6 28. Rf8+ Kg7 29. Rg8+ Kf6 30. Rf8+ Kg7 1/2-1/2

[Event "2nd Science Park Open A"]
[Site "Amsterdam NED"]
[Date "2012.07.17"]
[Round "3.2"]
[White "Van Assendelft, Floris"]
[Black "Haslinger, Stewart G"]
[Result "1/2-1/2"]
[WhiteTitle "FM"]
[BlackTitle "GM"]
[WhiteElo "2348"]
[BlackElo "2536"]
[WhiteFideId "1010271"]
[BlackFideId "405248"]
[EventDate "2012.07.14"]

1. e4 e5 2. Nf3 Nc6 3. Bb5 Nf6 4. O-O Nxe4 5. Re1 Nd6 6. Nxe5 Be7 7. Bf1 Nxe5 8.
Rxe5 O-O 9. d4 Bf6 10. Re1 Nf5 11. c3 d5 12. Nd2 Nh4 13. g3 Ng6 14. Bd3 b6 15.
Nf1 c5 16. Be3 Qd6 17. Be2 Be6 18. Qa4 c4 19. h4 b5 20. Qd1 Bd8 21. h5 Ne7 22.
Bf4 Qd7 23. a4 a5 24. axb5 Qxb5 25. Bg4 Nf5 26. Ne3 Nxe3 27. Rxe3 Bxg4 28. Qxg4
Bf6 29. Rae1 Qxb2 30. h6 Qb6 31. hxg7 Bxg7 32. Re5 f5 33. Rxf5 Rxf5 34. Qxf5 Qb7
35. Bc7 Rf8 36. Qd7 Kh8 37. Re7 Qb1+ 38. Kg2 Qf5 39. Qxf5 Rxf5 40. Bxa5 h5 41.
Bc7 Kg8 42. f4 Rf7 43. Re8+ Rf8 44. Re2 Ra8 45. Be5 Bf8 46. Kh3 Ra3 47. Rc2 Be7
48. f5 Kf7 49. f6 Bf8 50. Kh4 Kg6 51. g4 hxg4 52. Kxg4 Rb3 53. Rh2 Rxc3 54. Rh8
Kf7 55. Rh7+ Kg6 56. Rh8 Kf7 57. Bf4 Rc2 58. Kf5 Rf2 59. Rh7+ Kg8 60. Rd7 c3 61.
Rd8 Kf7 62. Rd7+ Kg8 63. Rd8 c2 64. Rc8 Kf7 65. Rc7+ Kg8 66. Rc8 Rxf4+ 67. Kxf4
c1=Q+ 68. Rxc1 Bh6+ 69. Ke5 Bxc1 70. Kxd5 1/2-1/2

[Event "2nd Science Park Open A"]
[Site "Amsterdam NED"]
[Date "2012.07.17"]
[Round "3.4"]
[White "Efroimski, Marsel"]
[Black "Sergeev, Vladimir"]
[Result "0-1"]
[WhiteTitle "WIM"]
[BlackTitle "GM"]
[WhiteElo "2187"]
[BlackElo "2479"]
[WhiteFideId "2810964"]
[BlackFideId "14101076"]
[EventDate "2012.07.14"]

1. e4 g6 2. d4 a6 3. Be3 Bg7 4. Qd2 d6 5. c3 Nd7 6. Bd3 b6 7. h4 h5 8. Nh3 Bb7
9. Ng5 e6 10. Qc2 Ne7 11. f4 Nf6 12. Rf1 Qd7 13. Bg1 Ng4 14. Qe2 O-O 15. Nd2 d5
16. e5 Nf5 17. Bf2 Rfc8 18. Ndf3 a5 19. Rh1 c5 20. Nh2 Nxh2 21. Rxh2 Nh6 22. Rh3
Rc7 23. Nf3 Qc8 24. Nh2 Ba6 25. g4 Bxd3 26. Rxd3 hxg4 27. Nxg4 cxd4 28. Bxd4 Nf5
29. h5 Nxd4 30. Rxd4 Rxc3 31. h6 Bf8 32. Qh2 Rc1+ 33. Rd1 Bb4+ 34. Kf1 Qc4+ 35.
Qe2 Rxa1 36. Rxa1 Rc8 37. b3 Qxf4+ 38. Kg2 Rc3 39. Nf6+ Kh8 40. Rf1 Qg3+ 0-1

[Event "2nd Science Park Open A"]
[Site "Amsterdam NED"]
[Date "2012.07.17"]
[Round "3.5"]
[White "Klein, David"]
[Black "Duijker, Rick"]
[Result "1-0"]
[WhiteTitle "FM"]
[BlackTitle "FM"]
[WhiteElo "2438"]
[BlackElo "2195"]
[WhiteFideId "1003623"]
[BlackFideId "1010565"]
[EventDate "2012.07.14"]

1. e4 e6 2. d4 d5 3. Nc3 dxe4 4. Nxe4 Bd7 5. Nf3 Bc6 6. Bd3 Nd7 7. O-O Ngf6 8.
Ng3 Be7 9. Re1 O-O 10. Qe2 Bxf3 11. Qxf3 c5 12. dxc5 Nxc5 13. Bf1 Qd5 14. Qe2
Rfd8 15. Be3 b6 16. c3 Nce4 17. Nxe4 Qxe4 18. g3 Rac8 19. Qa6 Qa8 20. Bg2 Qb8
21. Rad1 Rxd1 22. Rxd1 Rd8 23. Rxd8+ Bxd8 24. h3 h6 25. a4 Nd7 26. Qd3 Nc5 27.
Qb5 Qd6 28. Qe8+ Qf8 29. Qc6 Nd3 30. Qb5 Ne1 31. Be4 f5 32. Bb1 Nf3+ 33. Kg2 Ng5
34. Ba2 Qf7 35. Qc6 Kh7 36. h4 Ne4 37. Bxe6 Qf6 38. Qd7 1-0

[Event "2nd Science Park Open A"]
[Site "Amsterdam NED"]
[Date "2012.07.17"]
[Round "3.6"]
[White "Bosboom, Manuel"]
[Black "Ritsema, Ronald"]
[Result "1-0"]
[WhiteTitle "IM"]
[WhiteElo "2375"]
[BlackElo "2054"]
[WhiteFideId "1000080"]
[BlackFideId "1010409"]
[EventDate "2012.07.14"]

1. Nf3 Nf6 2. c4 e6 3. a3 b6 4. e3 Bb7 5. Rg1 d5 6. g4 dxc4 7. Bxc4 Be7 8. b4
O-O 9. Bb2 Nbd7 10. g5 Ne4 11. h4 c5 12. b5 Bd5 13. Qb3 Bxc4 14. Qxc4 Nd6 15.
Qc3 f6 16. d3 Nxb5 17. Qc4 Nc7 18. Nbd2 Rc8 19. a4 Qe8 20. Ke2 Qf7 21. Rg3 e5
22. gxf6 Bxf6 23. Qe4 Ne8 24. Nc4 Qe6 25. Rag1 Rf7 26. h5 a6 27. Nfxe5 Nxe5 28.
f4 b5 29. axb5 axb5 30. Nxe5 Qb3 31. Nxf7 Qxb2+ 32. Kf3 Kxf7 33. Qxh7 Qa2 34.
Qg6+ Kf8 35. h6 Qd5+ 36. e4 Qxd3+ 37. Kg2 Qc2+ 38. Kh3 gxh6 39. Qh7 Bg7 40. Rxg7
Nxg7 41. Qh8+ 1-0

[Event "2nd Science Park Open A"]
[Site "Amsterdam NED"]
[Date "2012.07.17"]
[Round "3.7"]
[White "Pruijssers, Roeland"]
[Black "Bezemer, Arno"]
[Result "0-1"]
[WhiteTitle "GM"]
[BlackTitle "FM"]
[WhiteElo "2525"]
[BlackElo "2346"]
[WhiteFideId "1013068"]
[BlackFideId "1001396"]
[EventDate "2012.07.14"]

1. e4 c5 2. Nf3 d6 3. d4 cxd4 4. Nxd4 Nf6 5. Nc3 a6 6. Be3 e6 7. g4 e5 8. Nf5
Nc6 9. Bg2 g6 10. Qe2 gxf5 11. exf5 Rg8 12. Bf3 Qa5 13. O-O-O Bd7 14. Rhe1 Rc8
15. a3 b5 16. Nd5 Nxd5 17. Bxd5 b4 18. a4 Qxa4 19. Kb1 b3 20. Bxb3 Qxg4 21. Qxa6
Qxf5 22. Ba4 Be7 23. Rd3 Rg6 24. Red1 Kf8 25. Rc3 d5 26. Bc5 Nd4 27. Bxd7 Rxa6
28. Bxc8 Qh5 29. f3 Rg6 30. Bg4 Qxh2 31. Re1 Bxc5 32. Rxc5 h5 0-1

[Event "2nd Science Park Open A"]
[Site "Amsterdam NED"]
[Date "2012.07.17"]
[Round "3.8"]
[White "Plukkel, Sjoerd"]
[Black "Antal, Gergely"]
[Result "1/2-1/2"]
[BlackTitle "GM"]
[WhiteElo "2274"]
[BlackElo "2511"]
[WhiteFideId "1008676"]
[BlackFideId "717312"]
[EventDate "2012.07.14"]

1. e4 c6 2. Nc3 d5 3. Qf3 e6 4. Qg3 h5 5. d3 h4 6. Qg5 Ne7 7. f4 Qb6 8. Nf3 Ng6
9. f5 exf5 10. exf5 Be7 11. Qg4 Bf6 12. d4 Ne7 13. Bd3 g6 14. Bg5 Bxf5 15. Bxf5
gxf5 16. Qf4 Bxg5 17. Nxg5 f6 18. Ne6 Kf7 19. Nc7 Ng6 20. Nxa8 Re8+ 21. Kd2 Nxf4
22. Nxb6 axb6 23. g3 Ne6 24. Ne2 Ng5 25. Raf1 Ne4+ 26. Kd1 Rh8 27. gxh4 Rxh4 28.
Rxf5 Nd7 29. Ke1 Nf8 30. Rf3 Ne6 31. c3 N6g5 32. Re3 f5 33. Rf1 Kf6 34. h3 Nxh3
35. Ng3 Nxg3 36. Rxg3 Ng5 37. Rfg1 Rh5 38. Rf1 Rh2 39. Rfg1 Rh5 40. Rf1 b5 41.
Re3 Ne4 42. Ref3 Ke6 43. Kd1 Nd6 44. Rg1 Rh6 45. Rg2 Ne4 46. Kc2 Kf6 47. b3 Rh4
48. a4 bxa4 49. bxa4 f4 50. Rf1 Kf5 51. Rf3 Rg4 52. Rh2 Rg3 53. Rd3 f3 54. Rh7
Rg2+ 55. Kb3 Kg6 56. Rh8 f2 57. Rd1 Rg3 58. Kb4 Rxc3 59. Rf8 Re3 60. Rf1 Re2 61.
Ka5 Kg5 62. Kb6 Rb2+ 63. Ka5 b6+ 64. Ka6 Kg4 65. Kb7 Kg3 66. Kxc6 Kg2 67. Rc1
Ng3 68. Kxd5 Ra2 69. Rb1 Rxa4 70. Rxb6 Ra5+ 71. Kc4 Nf5 72. Rb1 Kf3 73. d5 Ke4
74. Rxf5 Kxf5 75. Rf1 Ra2 76. d6 Ke6 77. Kd3 Kxd6 78. Kd4 1/2-1/2

[Event "2nd Science Park Open A"]
[Site "Amsterdam NED"]
[Date "2012.07.17"]
[Round "3.11"]
[White "Bijlsma, Nick"]
[Black "Gullaksen, Eirik"]
[Result "0-1"]
[BlackTitle "IM"]
[WhiteElo "2130"]
[BlackElo "2382"]
[WhiteFideId "1007041"]
[BlackFideId "1500945"]
[EventDate "2012.07.14"]

1. e4 e5 2. Nf3 Nc6 3. Bb5 a6 4. Ba4 Nf6 5. Qe2 b5 6. Bb3 Be7 7. c3 d5 8. d3 O-O
9. O-O Re8 10. Re1 Bf8 11. Nbd2 Bb7 12. a3 Qd7 13. exd5 Nxd5 14. Ne4 Rad8 15.
Bg5 Nf4 16. Bxf4 exf4 17. Nfg5 Ne5 18. Qh5 Qf5 19. Bxf7+ Nxf7 20. Nf6+ gxf6 21.
Qxf7+ Kh8 22. Rxe8 Rxe8 23. Qxe8 fxg5 24. Re1 Kg7 25. Re5 Bc6 26. Rxf5 Bxe8 27.
Rxg5+ Bg6 28. Rd5 Bd6 29. c4 Bf7 30. Rd4 Be5 31. Re4 Bxb2 32. cxb5 axb5 33. a4
bxa4 34. Rxa4 Be5 35. Kf1 Bg6 36. Ke2 Kf6 37. g3 Kf5 38. Ra5 Ke6 39. Ra6+ Kd5
40. Ra4 Bh5+ 41. Kd2 Bd4 42. Ra5+ c5 43. gxf4 Bxf2 44. Ra7 Bg6 45. Re7 Bh4 46.
Re3 Kd4 47. Re6 Kd5 48. Re3 Bd8 49. Rf3 Bf5 50. Rg3 Kd4 51. h3 Bc7 52. Rf3 h5
53. Ke2 h4 54. Kd2 Ba5+ 55. Ke2 Bg6 56. Re3 Bc7 57. Kf3 Bxd3 58. Re7 Bd6 59. Rd7
Kd5 60. Ke3 Bf5 61. Rd8 Bxh3 62. Rh8 Be7 63. Rh5+ Ke6 64. Kf2 Bf5 0-1

[Event "2nd Science Park Open A"]
[Site "Amsterdam NED"]
[Date "2012.07.16"]
[Round "3"]
[White "Schoorl, Rob"]
[Black "Timmermans, Mark"]
[Result "1/2-1/2"]
[WhiteTitle "FM"]
[WhiteElo "2362"]
[BlackElo "2194"]
[WhiteFideId "1009508"]
[BlackFideId "1026399"]
[EventDate "2012.07.14"]

1. e4 e5 2. Nf3 Nc6 3. Bb5 f5 4. d3 fxe4 5. dxe4 Nf6 6. O-O d6 7. Qd3 Be7 8. Qc4
Qd7 9. Nc3 a6 10. Bxc6 Qxc6 11. Qxc6+ bxc6 12. Bg5 Be6 13. Bxf6 Bxf6 14. Ne1 Bg5
15. Rd1 Rb8 16. b3 Ke7 17. Rd3 g6 18. Na4 Rb4 19. Nf3 Bf6 20. Re1 Rf8 21. c3
Rbb8 22. c4 c5 23. Nc3 c6 24. Red1 Rfd8 25. g3 a5 26. Ne1 Rd7 27. h4 Ra8 28. Na4
Rb8 29. Kg2 h5 30. Nc2 Rf8 31. f3 Rdd8 32. Kf2 Bg7 33. Ke2 Bh6 34. Rf1 Bh3 35.
Rh1 Be6 36. Rf1 Bh3 37. Rg1 Be6 38. Rdd1 Rf7 39. Rd3 Rff8 40. Ne1 Rf7 41. Nc2
Rff8 42. Rgd1 Bg7 43. Kd2 Rd7 44. Kc3 Bh6 45. Kb2 Rb8 46. Ka3 Rdd8 47. Ne1 Bf8
48. Nc2 Bh6 49. Ne1 Bf8 1/2-1/2

[Event "2nd Science Park Open A"]
[Site "Amsterdam NED"]
[Date "2012.07.16"]
[Round "3"]
[White "Merbis, Max"]
[Black "Riemersma, Li"]
[Result "0-1"]
[BlackTitle "IM"]
[WhiteElo "2167"]
[BlackElo "2425"]
[WhiteFideId "1014757"]
[BlackFideId "1000250"]
[EventDate "2012.07.14"]

1. d4 d5 2. c4 c6 3. Nf3 Nf6 4. e3 a6 5. a4 Bg4 6. Qb3 Qc7 7. Nc3 e6 8. Nh4 Bh5
9. h3 c5 10. g4 Bg6 11. Nxg6 hxg6 12. g5 dxc4 13. Qxc4 Qc6 14. Rg1 cxd4 15. Qxd4
Nfd7 16. Bg2 Qc7 17. f4 Nc6 18. Qc4 Nc5 19. Ne4 Qb6 20. Nxc5 Bxc5 21. Ke2 Rd8
22. Rd1 Rxd1 23. Kxd1 O-O 24. Bxc6 Qxc6 25. Kc2 Rd8 26. b4 Qg2+ 27. Kb1 Ba7 28.
Ra2 Qxh3 29. e4 Bd4 30. Rd2 Qe3 31. Rd3 Qxe4 32. Bb2 b5 33. axb5 axb5 34. Qxb5
Bxb2 0-1

[Event "2nd Science Park Open A"]
[Site "Amsterdam NED"]
[Date "2012.07.16"]
[Round "3"]
[White "Straat, Evert-Jan"]
[Black "Hopman, Pieter"]
[Result "1/2-1/2"]
[WhiteElo "2091"]
[BlackElo "2326"]
[WhiteFideId "1001418"]
[BlackFideId "1005669"]
[EventDate "2012.07.14"]

1. d4 d6 2. Nf3 g6 3. c4 Bg7 4. Nc3 Bg4 5. e3 c5 6. Be2 Nc6 7. O-O cxd4 8. exd4
Nh6 9. d5 Bxf3 10. Bxf3 Ne5 11. Be2 Nf5 12. Bd2 O-O 13. b3 a6 14. a4 Qb6 15. Rb1
Qd4 16. Qc2 Rac8 17. Rfd1 Qh4 18. Qe4 Qxe4 19. Nxe4 h6 20. f4 Nd7 21. Bg4 Nc5
22. Bxf5 gxf5 23. Ng3 e6 24. Ba5 b5 25. axb5 axb5 26. cxb5 Nb7 27. Bb4 Bc3 28.
Bxc3 Rxc3 29. Rdc1 Rxc1+ 30. Rxc1 Nc5 31. Rd1 Rd8 32. b6 Kf8 33. Ne2 Nxb3 34.
dxe6 fxe6 35. b7 Rb8 36. Rxd6 Ke7 37. Rb6 Nc5 38. Nd4 Rxb7 39. Rxb7+ 1/2-1/2

[Event "2nd Science Park Open A"]
[Site "Amsterdam NED"]
[Date "2012.07.16"]
[Round "3"]
[White "Zult, Daan"]
[Black "Mellema, Andries"]
[Result "1-0"]
[WhiteElo "2252"]
[BlackElo "2167"]
[WhiteFideId "1005510"]
[BlackFideId "1011464"]
[EventDate "2012.07.14"]

1. c4 g6 2. g3 Bg7 3. Bg2 c5 4. Nc3 Nc6 5. Nf3 d6 6. O-O e6 7. a3 Nge7 8. b4 b6
9. e3 Bb7 10. Bb2 O-O 11. Qb3 Qd7 12. Rfd1 e5 13. d3 h6 14. Nb5 a6 15. Nc3 Kh7
16. Rab1 Rab8 17. Ba1 f5 18. Qa4 b5 19. cxb5 axb5 20. Qxb5 cxb4 21. axb4 Qe6 22.
Qc4 d5 23. Qb3 f4 24. exf4 exf4 25. Ne4 Qc8 26. Bxg7 Kxg7 27. Qb2+ Kg8 28. Nf6+
Kf7 29. b5 Ba6 30. Qa2 Rxb5 31. Rxb5 Bxb5 32. Nxd5 Qe6 33. Re1 Nxd5 34. Ng5+ 1-0

[Event "2nd Science Park Open A"]
[Site "Amsterdam NED"]
[Date "2012.07.16"]
[Round "3"]
[White "Vereggen, Lars"]
[Black "Visser, Henk Jan"]
[Result "0-1"]
[WhiteElo "2051"]
[BlackElo "2246"]
[WhiteFideId "1029258"]
[BlackFideId "1010204"]
[EventDate "2012.07.14"]

1. d4 Nf6 2. c4 c5 3. Nf3 g6 4. g3 Bg7 5. Bg2 O-O 6. O-O Nc6 7. Nc3 d6 8. d5 Na5
9. Qd3 a6 10. e4 b5 11. cxb5 axb5 12. Nxb5 Ba6 13. a4 Qb8 14. Bd2 c4 15. Qc2 Nb3
16. Rad1 Nxd2 17. Rxd2 Nd7 18. Nfd4 Bxd4 19. Rxd4 Bxb5 20. axb5 Qxb5 21. Rxc4
Ra2 22. Rb1 Nc5 23. Bf1 Rb8 24. Rd4 Rxb2 25. Rxb2 Qxb2 26. Qd1 Qa2 27. Rd2 Rb2
28. Rxb2 Qxb2 29. f3 Kg7 30. Qe2 Qc3 31. Kf2 g5 32. Qe3 Qb2+ 33. Be2 Qe5 34. Bd3
h6 35. Ke2 Qa1 36. Bc2 Qh1 37. Qf2 Qc1 38. Qd4+ f6 39. Qd2 Qg1 40. Qe3 Qxh2+ 41.
Qf2 Qh3 42. g4 h5 43. gxh5 Kh6 44. e5 fxe5 45. Bg6 Qh4 46. Kf1 Qxf2+ 47. Kxf2
Nd7 48. Bf5 Nf6 49. Be6 Nxh5 0-1

[Event "2nd Science Park Open A"]
[Site "Amsterdam NED"]
[Date "2012.07.16"]
[Round "3"]
[White "Kohler, Aran"]
[Black "Riemens, Albert"]
[Result "1-0"]
[WhiteTitle "FM"]
[WhiteElo "2229"]
[BlackElo "2123"]
[WhiteFideId "1002856"]
[BlackFideId "1003941"]
[EventDate "2012.07.14"]

1. d4 Nf6 2. Nf3 g6 3. g3 Bg7 4. Bg2 d6 5. O-O O-O 6. a4 a5 7. Nc3 c6 8. e4 Na6
9. h3 Nb4 10. Be3 Qc7 11. Qd2 Re8 12. Ne1 d5 13. e5 Ne4 14. Nxe4 dxe4 15. c3 Nd5
16. Bxe4 Nxe3 17. fxe3 Bxh3 18. Rf4 g5 19. Rf2 h6 20. Bc2 e6 21. Qe2 Rf8 22. Qh5
Bf5 23. Bxf5 exf5 24. Rxf5 f6 25. exf6 Qxg3+ 26. Ng2 Rxf6 27. Rxf6 Bxf6 28. Qxh6
Bg7 29. Qe6+ 1-0

[Event "2nd Science Park Open A"]
[Site "Amsterdam NED"]
[Date "2012.07.16"]
[Round "3"]
[White "Van Lommel, Patrick"]
[Black "Kuling, Lody"]
[Result "0-1"]
[WhiteTitle "CM"]
[WhiteElo "2120"]
[BlackElo "2244"]
[WhiteFideId "1008269"]
[BlackFideId "1019686"]
[EventDate "2012.07.14"]

1. d4 f5 2. Nf3 Nf6 3. c4 g6 4. g3 Bg7 5. Bg2 d6 6. O-O O-O 7. Nc3 Nc6 8. a3 e5
9. d5 Ne7 10. e4 f4 11. Ng5 h6 12. Ne6 Bxe6 13. dxe6 g5 14. gxf4 exf4 15. Nd5 c6
16. Nxf6+ Rxf6 17. c5 dxc5 18. Qb3 Qb6 19. Qh3 Rd8 20. b4 c4 21. Bb2 Rd3 22. Qh5
c3 23. Bc1 Rxe6 24. Bh3 Re5 25. Ra2 Qd8 26. Kh1 Kf8 27. f3 Rd1 28. Rf2 b6 29.
Qg4 Rd3 30. Rg1 Ng6 31. Qh5 Qd6 32. Bf5 Ne7 33. Bxf4 gxf4 34. Rxg7 Kxg7 35. Rg2+
Kf8 36. Rg6 Qxg6 0-1

[Event "2nd Science Park Open A"]
[Site "Amsterdam NED"]
[Date "2012.07.16"]
[Round "3"]
[White "Henseler, Jorgen"]
[Black "Van Dorp, Folke"]
[Result "1/2-1/2"]
[WhiteElo "2075"]
[BlackElo "2183"]
[WhiteFideId "1023233"]
[BlackFideId "1023209"]
[EventDate "2012.07.14"]

1. e4 e5 2. Nf3 Nc6 3. Bc4 Nf6 4. Ng5 d5 5. exd5 Nd4 6. c3 Nf5 7. O-O Nd6 8. Bb3
h6 9. Nf3 e4 10. Ne5 Be7 11. d3 O-O 12. dxe4 Ndxe4 13. Nd2 Nc5 14. c4 Bd6 15.
Ndf3 Ng4 16. Qd4 Nxe5 17. Nxe5 Re8 18. Nf3 Bf5 19. Be3 Be4 20. Bd1 b6 21. Be2
Na4 22. Qd2 Bxf3 23. Bxf3 Qh4 24. g3 Qf6 25. Bd1 Nxb2 26. Bb3 Re4 27. Rac1 Rae8
28. Rc2 R8e5 29. Rxb2 Rh5 30. Rbb1 Qf5 31. Rbe1 Rxh2 32. Kxh2 Rh4+ 33. Kg2 Qh3+
34. Kf3 Qg4+ 35. Kg2 Qh3+ 36. Kf3 Qg4+ 37. Kg2 1/2-1/2

[Event "2nd Science Park Open A"]
[Site "Amsterdam NED"]
[Date "2012.07.16"]
[Round "3"]
[White "Brookes, Christopher"]
[Black "Schoehuijs, Erik"]
[Result "1/2-1/2"]
[WhiteElo "2171"]
[BlackElo "2120"]
[WhiteFideId "4669355"]
[BlackFideId "1004425"]
[EventDate "2012.07.14"]

1. e4 e5 2. Nf3 d6 3. d4 Nf6 4. Nc3 Nbd7 5. Bc4 Be7 6. O-O O-O 7. h3 c6 8. a4
Qc7 9. Bb3 exd4 10. Nxd4 Nc5 11. Re1 Nxb3 12. Nxb3 Re8 13. Bf4 Nd7 14. Qd4 Ne5
15. Rad1 Bxh3 16. Nd2 Bg4 17. f3 Be6 18. b3 Bf6 19. Qe3 Red8 20. Nf1 Qa5 21. Ne2
Ng6 22. Bh2 d5 23. e5 Bh4 24. g3 Be7 25. Kg2 c5 26. c3 Qb6 27. Nc1 d4 28. cxd4
cxd4 29. Qd3 Rac8 30. Bg1 Bb4 31. Re2 Rc3 32. Qb5 Qxb5 33. axb5 Bd5 34. Nd2 Ba3
35. Ree1 Rdc8 36. Ne2 Rd3 37. Nxd4 Bb2 38. Nc4 Bxc4 39. bxc4 Rxd1 40. Rxd1 Rxc4
41. Nf5 h5 42. f4 a5 43. bxa6 bxa6 44. Rd8+ Kh7 45. Nd6 Rc7 46. Bb6 Re7 47. Nc4
Bc3 48. Rd3 Bb4 49. Rb3 a5 1/2-1/2

[Event "2nd Science Park Open A"]
[Site "Amsterdam NED"]
[Date "2012.07.16"]
[Round "3"]
[White "Markus, John Raymond"]
[Black "Galje, Hans"]
[Result "0-1"]
[WhiteElo "2147"]
[BlackElo "2108"]
[WhiteFideId "1001213"]
[BlackFideId "1003240"]
[EventDate "2012.07.14"]

1. d4 Nf6 2. Nf3 e6 3. Bg5 d5 4. e3 Be7 5. Nbd2 Nbd7 6. Bd3 c5 7. c3 b6 8. Ne5
Nxe5 9. dxe5 Nd7 10. Bxe7 Qxe7 11. f4 Bb7 12. O-O a6 13. a4 f6 14. Qh5+ Qf7 15.
Qh3 f5 16. Nf3 O-O-O 17. c4 d4 18. exd4 cxd4 19. b4 Qe7 20. Rfb1 h6 21. Nxd4
Nxe5 22. Nxf5 exf5 23. fxe5 g6 24. a5 Qxe5 25. Bf1 Rhe8 26. axb6 Qd4+ 27. Kh1
Re3 28. Qxh6 Rh8 29. Qxg6 Reh3 30. Qxf5+ Kb8 31. Qxh3 Rxh3 32. Rd1 Qh4 0-1